Statistiques concernant Les pièces de Racine

Cliquez ici pour prendre le quiz!

Statistiques générales

  • Ce quiz a été pris 95 fois
  • Le résultat moyen est 6 sur 12

Statistiques - réponses

HintRéponse% Correct
1677Phédre
84%
1667Andromaque
81%
1670Bérénice
71%
1669Britannicus
62%
1674Iphigénie
61%
1691Athalie
54%
1668Les Plaideurs
49%
1689Esther
45%
1672Bajazet
39%
1665Alexandre le Grand
32%
1672Mithridate
32%
1664La Thébaïde
29%

Distribution des résultats

Percentile par nombre de réponses

% des personnes avec chaque résultat

Votre développement - résultats

Vous n’avez pas pris ce quiz